Africa que llevamos dentro /

Bewaard in:
Bibliografische gegevens
Hoofdauteur: Ramírez Mercado, Sergio
Formaat: Texto
Tags: Voeg label toe
Geen labels, Wees de eerste die dit record labelt!

MARC

LEADER 00000 a a2200000 04500
001 41566
003
040
100 |a Ramírez Mercado, Sergio  
245 |a Africa que llevamos dentro /  |c Sergio Ramírez Mercado  
773 |g volumen35-36 (2009-2010), páginas 61-68  
999 |c 23653  |d 23653 
773 0 |0 18765  |9 5234  |a Universidad de Costa Rica.  |d San José, Costa Rica: Editorial Universidad de Costa Rica, 1974-  |o 12541  |t Anuario de Estudios Centroamericanos /  |x 03777316